| 000 | 00447nam a2200205Ia 4500 | ||
|---|---|---|---|
| 001 | 12874 | ||
| 003 | GE_BSU | ||
| 008 | 181216s||||||||xx |||||||||||||| ||und|| | ||
| 020 | _a0330201808 | ||
| 040 | _cGE_BSU | ||
| 080 | _a821.111-312.4 | ||
| 100 | _aSmith,Wilbur. | ||
| 245 | 4 | _aThe Dark of the Sun. | |
| 260 | _aLondon. | ||
| 260 | _bPan Books. | ||
| 260 | _c1965 | ||
| 300 | _a282p;18cm. | ||
| 653 | _aThe Dark of the Sun. | ||
| 942 | _cBK | ||
| 999 |
_c46044 _d46044 |
||